The Waldenses: (Record no. 13686)

000 -LEADER
fixed length control field 00701nam a2200193 a 4500
001 - CONTROL NUMBER
control field :::00011509$&:&@@
003 - CONTROL NUMBER IDENTIFIER
control field OkBaRHE
005 - DATE AND TIME OF LATEST TRANSACTION
control field 20000607103409.0
008 - FIXED-LENGTH DATA ELEMENTS--GENERAL INFORMATION
fixed length control field s1912 j 000 0 eng u
040 ## - CATALOGING SOURCE
Transcribing agency
100 1# - MAIN ENTRY--PERSONAL NAME
Personal name Mitchell, Alexander W.,
245 14 - TITLE STATEMENT
Title The Waldenses:
Remainder of title sketches of the evangelical Christians of the valleys of Piedmont.
260 ## - PUBLICATION, DISTRIBUTION, ETC. (IMPRINT)
Place of publication, distribution, etc Philadelphia, PA., :
Name of publisher, distributor, etc Presbyterian Board of Publication and Sabbath-School Work
Date of publication, distribution, etc 1912
300 ## - PHYSICAL DESCRIPTION
Extent 392 p. ;
Dimensions 20 cm.
650 ## - SUBJECT ADDED ENTRY--TOPICAL TERM
Topical term or geographic name as entry element Waldenses
700 ## - ADDED ENTRY--PERSONAL NAME
Personal name Presbyterian Church in the USA Board of Publication
942 ## - ADDED ENTRY ELEMENTS (KOHA)
Source of classification or shelving scheme
Koha item type Books
Copies
Copy number Withdrawn status Koha item type Shelving location Damaged status Lost status Date acquired Full call number Source of classification or shelving scheme Date last seen Not for loan Barcode Price effective from Permanent Location Current Location
1 BooksGeneral Stacks  2010-04-14BX 4881 .M5 2020-01-14 115092010-04-14RHEMA Bible Training CollegeRHEMA Bible Training College